Welcome to the Holygrace Academy Library

Please use search bar below to get started

SOLUTIONS TO IRODOV'S PROBLEMS IN GENERAL PHYSICS VOL -II (Record no. 662)

MARC details
000 -LEADER
fixed length control field 00356nam a22001337a 4500
020 ## - INTERNATIONAL STANDARD BOOK NUMBER
ISBN 978-81-265-2077-0
082 ## - DEWEY DECIMAL CLASSIFICATION NUMBER
Classification number 530
Item number ABH/S
100 ## - MAIN ENTRY--AUTHOR NAME
Personal name ABHAY KUMAR SINGH
245 ## - TITLE STATEMENT
Title SOLUTIONS TO IRODOV'S PROBLEMS IN GENERAL PHYSICS VOL -II
Remainder of title CLASS XII
260 ## - PUBLICATION, DISTRIBUTION, ETC. (IMPRINT)
Place of publication DELHI
Name of publisher WILEY INDIA
Year of publication 2011
300 ## - PHYSICAL DESCRIPTION
Number of Pages 429
650 ## - SUBJECT ADDED ENTRY--TOPICAL TERM
Topical Term PHYSICS FOR CLASS XII
Geographic subdivision INDIA
942 ## - ADDED ENTRY ELEMENTS (KOHA)
Koha item type Books
Holdings
Withdrawn status Lost status Collection code Home library Current library Shelving location Date acquired Source of acquisition Full call number Accession Number Koha item type
    Reference Main Library Main Library SHELF-9 A XII PHYSICS 07/05/2012 purchase 530 ABH/S 05981 Books